Представление документа в формате RUSMARC

ПолеНазваниеЗначение
  Тип записи a
  Библиографический уровень a
001 Контрольный номер RU/CBS_UL/BASE/88885421a2e34f1b8d887361b3820e69
005 Дата корректировки 20260319005247.6
100 Данные общей обработки __
a Данные общей обработки 20260319 ||| 0rusy0189 ca
101 Язык документа 0_
a Язык текста rus
102 Страна публикации __
a Страна публикации RU
200 Заглавие и сведения об ответственности 1_
a Заглавие Трудоголик "стасовского клана"
e Сведения, относящиеся к заглавию [о сотруднике Императорской публичной библиотеки В.В. Стасове]
f Первые сведения об ответственности А. Вершинин
300 Общие примечания __
a Общие примечания 16+
320 Библиография __
a Библиография Библиогр.: с. 130-133
461 Уровень набора _0
1 2000
a Родина
463 Уровень физической единицы _0
1 001RU/CBS_UL/BASE/708538438
1 2000
a № 9
v С.
1 210
d 2021
600 Персоналии _1
a Персоналии (Фамилия) Стасов
b Персоналии (Имя, инициалы) В.В.
606 Тематические рубрики 0_
a Основная рубрика История библиотечного дела - Россия, 19 в.
610 Ключевые слова 0_
a Ключевые слова библиотеки, публичные библиотеки, сотрудники библиотеки, историки, деятели культуры, Императорская Публичная библиотека, Российская национальная библиотека, публицисты, роль личности в истории
686 Индексы других классификаций __
2 Код системы rubbk
a Классификационный индекс 78.33
700 Автор _1
a Фамилия Вершинин
b Имя (инициалы) А.
801 Источник записи _0
a Страна RU
b Организация МБУК ЦБС г. Ульяновска
c Дата составления 20260319
g Правила каталогизации RCR
801 Источник записи _1
a Страна RU
b Организация МБУК ЦБС г. Ульяновска
c Дата составления 20260319
g Правила каталогизации RCR
901 Тип документа __
t Тип документа b
w Контрольный № источника RU/CBS_UL/BASE/708538438
909 Создатель записи __
a Создатель записи lib1